[Event "Dortmund op"]
[Site "Dortmund"]
[Date "2006.03.23"]
[Round "9.21"]
[White "Skoecz, Horst"]
[Black "Orlowski, Wilfried"]
[Result "0-1"]
[WhiteElo "1456"]
[BlackElo "1590"]
[PlyCount "106"]
[EventDate "2006.03.06"]
[EventType "swiss"]
[EventRounds "9"]
[EventCountry "GER"]
[SourceTitle "CBM 111 Extra"]
[Source "ChessBase"]
[SourceDate "2006.05.09"]
[SourceVersion "1"]
[SourceVersionDate "2006.05.09"]
[SourceQuality "1"]

1. e4 c5 2. Nf3 d6 3. d4 cxd4 4. Nxd4 Nf6 5. Nc3 a6 6. Bg5 e6 7. Bxf6 Qxf6 8. Nf3 Nc6 9. a3 b5 10. Bd3 Bb7 11. 0-0 Qd8 12. b4 Be7 13. Ne2 0-0 14. c3 Bf6 15. Qc2 h6 16. Ng3 Ne5 17. Nxe5 Bxe5 18. f4 Bf6 19. Nh5 Rc8 20. Nxf6+ Qxf6 21. Rac1 Rc7 22. e5 dxe5 23. fxe5 Qxe5 24. Rfe1 Qg5 25. Be4 Rfc8 26. Qd3 Bxe4 27. Qxe4 Rxc3 28. Rxc3 Rxc3 29. Qa8+ Kh7 30. Qe4+ Qg6 31. Qxg6+ Kxg6 32. Ra1 Rb3 33. g3 f5 34. Ra2 e5 35. Kf2 e4 36. h3 Kf6 37. a4 Rxb4 38. axb5 axb5 39. h4 Rb3 40. Ra6+ Ke5 41. Rg6 Kd4 42. Rd6+ Ke5 43. Rg6 Rf3+ 44. Ke2 b4 45. Rxg7 b3 46. g4 f4 47. Re7+ Kd6 48. Rxe4 Re3+ 49. Rxe3 fxe3 50. Kxe3 b2 51. Kf4 b1Q 52. h5 Qc1+ 53. Kg3 Qg5 0-1

[Event "Dortmund-ch"]
[Site "Dortmund"]
[Date "2005.03.03"]
[Round "3"]
[White "Barskij, Alexander"]
[Black "Orlowski, Wilfried"]
[Result "1-0"]
[WhiteElo "1825"]
[BlackElo "1611"]
[PlyCount "45"]
[EventDate "2005.02.28"]
[EventType "swiss"]
[EventRounds "9"]
[EventCountry "GER"]
[SourceTitle "CBM 105 Extra"]
[Source "ChessBase"]
[SourceDate "2005.05.01"]
[SourceVersion "1"]
[SourceVersionDate "2005.05.01"]
[SourceQuality "1"]

1. e4 c5 2. Nf3 d6 3. d4 cxd4 4. Nxd4 Nf6 5. Nc3 a6 6. Be3 b5 7. a4 b4 8. Nd5 Nxd5 9. exd5 Bb7 10. Bc4 Qa5 11. 0-0 Qc5 12. Bb3 Qc7 13. a5 Nd7 14. Nc6 Bxc6 15. dxc6 Ne5 16. Bb6 Qc8 17. c7 e6 18. Ba4+ Ke7 19. f4 Nc4 20. Bc6 e5 21. Qd5 Nxb6 22. axb6 Rb8 23. fxe5 1-0

[Event "Dortmund-ch"]
[Site "Dortmund"]
[Date "2004.03.08"]
[Round "4"]
[White "Zimmermann, Dirk"]
[Black "Orlowski, Wilfried"]
[Result "1-0"]
[WhiteElo "2025"]
[BlackElo "1668"]
[PlyCount "51"]
[EventDate "2004.03.01"]
[EventType "swiss"]
[EventRounds "9"]
[EventCountry "GER"]
[SourceTitle "EXT 2006"]
[Source "ChessBase"]
[SourceDate "2005.11.24"]
[SourceVersion "1"]
[SourceVersionDate "2005.11.24"]
[SourceQuality "1"]

1. e4 c5 2. b3 d6 3. Bb2 e6 4. g3 Nc6 5. Bg2 Qc7 6. Ne2 e5 7. 0-0 Nf6 8. h3 Be7 9. Nbc3 a6 10. f4 b5 11. Nd5 Qa7 12. g4 Bd8 13. Ng3 Nxd5 14. exd5 Bh4 15. Ne4 Ne7 16. Nxd6+ Kf8 17. fxe5 f6 18. exf6 gxf6 19. Bxf6 Bxf6 20. Rxf6+ Kg7 21. Qf3 c4+ 22. Kh1 Qd4 23. Rf1 Ng6 24. Rf7+ Kh6 25. Ne4 Nh4 26. Qf6+ 1-0